| 000 | 00800nam a2200229Ia 4500 | ||
|---|---|---|---|
| 001 | L099-492 | ||
| 003 | IT-CnALBA | ||
| 008 | 170116s9999||||xx |||||||||||||| ||und|| | ||
| 040 |
_aIT-CnALBA _cIT-CnALBA |
||
| 041 | _aITALIANO | ||
| 100 | _aTOLSTOJ LEV NIKOLAEVIC | ||
| 245 | 0 | _aI DUE VECCHI E ALTRI RACCONTI | |
| 250 | _a1a ed. | ||
| 260 |
_a SESTO S. GIOV., MI _bBARION A. EDIT. _c1924 [1° Ed.: n.d.] |
||
| 300 | _a190 p. | ||
| 500 | _aRACCONTI. IL CERO. DI CHE VIVONO GLI UOMINI. DOV'È AMORE È DIO. | ||
| 501 | _aSocietà San Paolo EM - Piazza San Paolo, 14 - 12051 ALBA (CN) (non commercial uses only) ® Copyright 2017 | ||
| 520 | _aRACCONTI. IL CERO. DI CHE VIVONO GLI UOMINI. DOV'È AMORE È DIO. | ||
| 650 | _aLIBRI DI PICCOLO FORMATO | ||
| 942 | _cBK | ||
| 957 | _71 | ||
| 999 |
_a591 _bSI _g Copie: 1 _c259728 _d259728 |
||